000 00784nam a22002297a 4500
999 _c9971
_d9971
003 AR-CdUCM
008 190329b ||||| |||| 00| 0 spa d
040 _aMUNICIPALIDAD PROVINCIAL DEL CUSCO
_cBIBLIOTECA MUNICIPAL DEL CUSCO
082 _a869.56 /
_bH49Y / 1962
100 _aHeysen, Luis E.
_926538
245 _aYo soy un Túpac /
260 _aLima :
_bEdt. José Gabriel Condorcanqui,
_c1962.
300 _a33 páginas ;
_bilustraciones ;
_c25 cm.
440 _aSímbolos de Túpac Amaru
_n N° 42
_926539
500 _aDonación de la familia Nieto.
650 _aPoesía peruana - Antología
_919851
650 _aPoetas peruanos
_91611
650 _aPoesía contemporánea
_93298
650 _aPoesía conmemorativa
_925797
942 _2ddc
_cLIBROS
945 _alccs